Κατάλογος Βιβλιοθηκών Mediterranean College

Crowdourcing./Quality of Expperience in Multimedia Content. (Record no. 8416)

MARC details
000 -LEADER
fixed length control field 01232cam a22001934a 4500
005 - ΗΜΕΡΟΜΗΝΙΑ ΚΑΙ ΩΡΑ ΤΕΛΕΥΤΑΙΑΣ ΕΝΗΜΕΡΩΣΗΣ
Πεδίο ελέγχου 20250605164335.0
008 - FIXED-LENGTH DATA ELEMENTS--GENERAL INFORMATION
Πεδίο ελέγχου σταθερού μήκους 250528s ||||||||||||||||||||||||d
035 ## - SYSTEM CONTROL NUMBER
System control number 23393
040 ## - ΠΗΓΗ ΚΑΤΑΛΟΓΟΓΡΑΦΗΣΗΣ
Φορέας πρωτότυπης καταλογογράφησης MC Athens Campus Library
Γλώσσα καταλογογράφησης Ελληνικά, Μοντέρνα (1453-)
Modifying agency MC Athens Campus Library
Κανόνες περιγραφικής καταλογογράφησης AACR2
245 1# - ΤΙΤΛΟΣ ΚΑΙ ΔΗΛΩΣΗ ΥΠΕΥΘΥΝΟΤΗΤΑΣ
Τίτλος Crowdourcing./Quality of Expperience in Multimedia Content.
260 ## - PUBLICATION, DISTRIBUTION, ETC.
Date of publication, distribution, etc. 2016
300 ## - PHYSICAL DESCRIPTION
Extent 14
520 ## - SUMMARY, ETC.
Summary, etc. Introduction, What is Crowdsourcing? the Reason it Matters Today, Types of Crowdsourcing, Crowdfunding, Micro - Tasks, Advertising and Promotion, Crowdsource Opinion, The Advantages in today's Internet, Crowdsource and Explicit Systems, Quality of Experience and Mean Opinion Score, Explicit Systems, Evaluate, Sharing, Networking, Building Artifacts, Crowdsource Systems, Mean Opinion (MOS) for Images and Videos, Crowd MOS, Quality of Experience in Crowdsource Systems, Quality of Experience in Crowdsource Systems Regarding Videos, QoE Questionnaires, Brower Fingerprinting, Stimulus Presentation Time, Quality of Experience in Crowdsources Systems Regarding Images, a Different Approach, a Basic Design Idea, Future Work, Conclusion, References.
700 1# - ΠΡΟΣΘΕΤΗ ΑΝΑΓΡΑΦΗ--ΦΥΣΙΚΟ ΠΡΟΣΩΠΟ
Personal name Dr. I Politis
9 (RLIN) 8957
700 1# - ΠΡΟΣΘΕΤΗ ΑΝΑΓΡΑΦΗ--ΦΥΣΙΚΟ ΠΡΟΣΩΠΟ
Personal name Velmachos Ioannis
9 (RLIN) 8958
942 ## - ADDED ENTRY ELEMENTS (KOHA)
Koha item type Διπλωματική εργασία
Holdings
Τύπος τεκμηρίου Βιβλιοθήκη Τρέχουσα τοποθεσία Barcode Ημερομηνία απόκτησης Ταξιθετικό σύμβολο Αριθμός αντιτύπου Κατάσταση απόσυρσης Κατάσταση χαμένου Κατάσταση κατεστραμμένου Μη δανεισμός Σύνολο δανεισμών Ημερομηνία τελευταίας εμφάνισης Η τιμή ισχύει από
Διπλωματική εργασία MC Athens Campus Library MC Athens Campus Library 9780000084156 05/06/2025 COMP 2016 (22) 1           05/06/2025 05/06/2025

MC Athens Campus Library
Πατησίων 94 & Κοδριγκτώνος 13, 104 34
Πελλήνης 8 & Πατησίων 107, 112 51
Τ: +30 210 8899600

MC Thessaloniki Campus Library
Ίωνος Δραγούμη 21, 54625 | Ίωνος Δραγούμη 15, 54625
Τ: +30 2310 287779 – Τ: +30 2314 440300